Entry Personal Name
Number of records used in: 1
001 - CONTROL NUMBER
003 - CONTROL NUMBER IDENTIFIER
005 - DATE AND TIME OF LATEST TRANSACTION
- control field:
20220919110722.0
008 - FIXED-LENGTH DATA ELEMENTS
- fixed length control field:
950222n| acannaab |n aaa
010 ## - LIBRARY OF CONGRESS CONTROL NUMBER
- LC control number:
n 95017220
040 ## - CATALOGING SOURCE
- Original cataloging agency:
DLC
- Transcribing agency:
DLC
- Modifying agency:
DLC
100 10 - HEADING--PERSONAL NAME
- Personal name:
Lynch, Daniel R.
670 ## - SOURCE DATA FOUND
- Source citation:
Quantitative skill assessment for coastal ocean models, 1995:
- Information found:
CIP t.p. (Daniel R. Lynch) pref. (Dartmouth College, Hanover, NH)
670 ## - SOURCE DATA FOUND
- Source citation:
Numerical partial differential equations for enviornmental scientist and engineers, c2005:
- Information found:
CIP t.p. (Daniel R. Lynch) data sheet (b. Jan. 10, 1950)